00710nam a2200169Ia 4500020001800000082001800018245006200036260004100098300001400139500017400153650003000327650003100357700001700388700002300405710004700428710006500475 a9789381212003 a327.5054 NOR; 0aNorth East in India's look East: issues and opportunities aNew DelhibBharti Publicationsc2015 axxi, 274p aPapers presented at the "Conference on North East in India's Look East: Issues and Opportunities" organised by The Jadavpur Association of International Relations (JAIR) aINDIA - FOREIGN RELATIONS aSOUTH EAST ASIAN COUNTRIES aSaikia, Pahi aLahiri, Imankalyan aIndian Council of World Affairs, New Delhi aThe Jadavpur Association of International Relations, Kolkata